000 00274nam a22000977a 4500
008 240425b |||||||| |||| 00| 0 eng d
020 _a9780670094974
100 _aJonas Chopra Priyanka
_97771
245 _aUnfinished (A memoir)
260 _aNew Delhi
_bPenguin Random house
_c2021
999 _c12576
_d12576